000 00432nam a22001697a 4500
003 GBCCL
005 20251127124451.0
008 180702b ||||| |||| 00| 0 eng d
040 _cGBC
082 _a221
_bSAC 1
245 _aThe Sacred Scriptures:
250 _aBethel Edition
260 _aBethel:
_bAssemblies of Yahweh,
_c2001.
300 _avii, 977p.;
_b23cm
650 _aHoly scriptures
_vJudaism
_912281
942 _2ddc
_cREF
999 _c6860
_d6860